000 00872nam1a2200277 i 4500
001 RU\NLR\bibl\232571
005 20241114232038.0
035 _a(NLR Aleph) 000228514
090 _a1329573
_c1329573
100 _a20020227g20019999u y0rusy50 ca
101 0 _arus
102 _aRU
105 _ay |||||||||
200 1 _aОчерки об образовании
_fЛ.В. Осипова
210 _aМичуринск
_cБ.и.
_d2001
215 _d20
463 0 _1001214296
606 _aШкола
_yТамбовская область
_91762042
_3RU\NLR\auth\66790397
606 _aШколы
_yТамбовская область
_92624473
_3RU\NLR\auth\661561033
686 _aЧ424(2Р)7
700 1 _aОсипова
_bЛ. В.
_4070
801 0 _aRU
_bNLR
_c20020227
_gPSBO
801 1 _aRU
_bNLR
_c20020227
852 _aNLR
_j2001-4/13165
942 _cBOOK